000 00282nam a2200121 i 4500
001 bg
245 0 _aPolsko - radzieckie stosunki kulturalne 1918-1939.
260 _aWarszawa,
_c1977.
040 _cBPK
041 _apol
942 _cKS
008 s pl f |000 0 pol
999 _c17582
_d17582
856 _uhttp://koha.tu.koszalin.pl/cgi-bin/koha/opac-detail.pl?biblionumber=17582
_yKatalog online BPK